000 00719nam2a22002051 4500
001 RU\NLR\A1SV\66033
005 20251203152403.2
035 _a(NLR Aleph) 009747684
090 _a13482048
_c13482048
100 _a20051027d1927 u y0rusy50 ca
101 0 _arus
200 0 _aВып.6
210 _d1927
215 _a56 с.
_cдиагр.
461 1 _1001RU\NLR\A1SV\64408
_12000#$aРКП(б) в цифрах$fВсесоюз. ком. партия (б). Центр. ком. ВКП(б). Стат. отд.$vВып.6
_99962163
_cМ.
_d1924-1932
_fВКП(б). ЦК ВКП(б). Стат. отд.
_tРКП(б) в цифрах
_vВып.6
801 0 _aRU
_bNLR
_c20051027
942 _cBOOK
980 _aA1SV
980 _aNB